Michigan's Adventure Roller Coasters Quiz Stats

 Plays Quiz not verified by Sporcle

Challenge
Share
Tweet
Embed
Score 0/7 Timer 02:00
0 Plays Today
Year Opened Roller Coaster % Correct
1998Shivering Timbers
93%
1979Corkscrew
82.6%
1988Wolverine Wildcat
79.1%
2008Thunderhawk
73.3%
1994Zach's Zoomer
68.6%
1999Mad Mouse
65.1%
1999Big Dipper
46.5%

You're not logged in!

Compare scores with friends on all Sporcle quizzes.
Join for Free
OR
Log In

You Might Also Like...

Show Comments

Extras

Top Quizzes Today


Score Distribution

Your Account Isn't Verified!

In order to create a playlist on Sporcle, you need to verify the email address you used during registration. Go to your Sporcle Settings to finish the process.

Report this User

Report this user for behavior that violates our Community Guidelines.

Details: